<The> Position of foreign languages in European education systems (1999/2000)

Saved in:
Bibliographic Details
Format: Book
Language:English
Published: Brussels EURYDICE/Education and Culture 2000
Series:Eurydice focus
Subjects:
Tags: Add Tag
No Tags, Be the first to tag this record!

MARC

LEADER 00000nam a2200000 4500
001 c124170
005 20221221083230.0
020 |a 2-87116-302-2 
041 0 |a eng 
044 |a DE 
245 1 0 |a <The> Position of foreign languages in European education systems (1999/2000) 
264 1 |a Brussels  |b EURYDICE/Education and Culture  |c 2000 
300 |a 44 s. 
490 1 |a Eurydice focus 
830 0 |a Eurydice focus 
610 2 0 |a jazyky cudzie 
610 2 0 |a školstvo 
610 2 0 |a školy 
610 2 0 |a Európa 
610 2 0 |a Európska únia 
610 2 0 |a sústava výchovno-vzdelávacia 
610 2 0 |a 1999-2000